00505cam a2200169ua 45000010005000000080039000050200018000440400009000620820010000711000029000812450074001102500009001842600050001933000023002436530013002666530056002791678110715n ii |||gr||||Z||||||eng a81-85475-80-6 cMAIN a338.1 aKaushik, K. K.,eAuthor.1 aAgricultural transformation in a developing economycby K. K. Kaushik a1st. aDelhi:bKanishka Publishers Distributors,993. aviii; 288p:c23cm. aEconomic aagricultural transformation in a developing economy